000
00179 a2200085 4500
020
_a
9788193232958
100
_a
Sanjay Mohe
245
_a
Connecting The Dots
260
_b
Border Book
999
_c
13345
_d
13345